000
00279nam a2200109Ia 4500
008
220204s9999 xx 000 0 und d
082
_a
33(51)
_b
AZI
100
_a
AZIZ, Sartaj
245
0
_a
Rural development: Learning from China
260
_a
London
_b
Macmillan
_c
1978
942
_c
BK
999
_c
32570
_d
32570